| 000 | 00686nam a22001937a 4500 | ||
|---|---|---|---|
| 003 | 0 | ||
| 005 | 20231211121311.0 | ||
| 008 | 231211b xxu||||| |||| 00| 0 eng d | ||
| 020 | _a971-630-023-9 | ||
| 050 |
_aFil. 398.24209599 _bCr955 1999 |
||
| 082 |
_aFil. 398.24209599 _bCr955 1999 |
||
| 100 | _aCruz, Neni Sta. Romana | ||
| 245 |
_aWhy the piƱa has a hundred eyes and other classic Philippine folk tales about fruits _cNeni Sta. Romana Cruz |
||
| 260 |
_aManila _bTahanan Books for Young Readers _cc1999. |
||
| 300 |
_a55 pages : _bcolored illustrations ; _c26cm. |
||
| 504 | _aIncludes bibliographical references. | ||
| 650 | _aFolktales--Philippines. | ||
| 942 |
_2ddc _cFILP |
||
| 999 |
_c365743 _d365743 |
||